000 01038naa a22002657a 4500
001 BR7804403
003 BR-BrBNA
005 20240918174121.0
007 ta
008 230509b bl.||||| |||| 00| 0 por d
040 _aBR-BrBNA
_bpor
_cBiblioteca Nacional de Agricultura
041 _a(Pt)
072 _aE50
090 _aE50 BR7804403
100 1 _aMarino, J.M.F.
111 1 _a15. Reuniao Anual da Sociedade Brasileira de Economia Rural
_cVicosa, MG (Brazil)
_d18 Jul 1977
245 1 _aDeterminantes economicos e sociologicos da migracao rural-urbana; ensaio de uma metodologia de analise de residuos migratorios
260 3 _aVicosa, MG (Brasil):
_c1977.
500 _aPolitica agricola e agricultura de baixa rennda Vicosa, MG (Brasil): 1977. v. 2 p. 1-28 (BR7804403-AM)E50
650 _aSOCIOLOGIA RURAL
650 _aMIGRACAO RURAL
773 0 _tPolitica agricola e agricultura de baixa rennda
_wE50 BR7804403
_gVicosa, MG (Brasil), 1977. v. 2 p. 1-28
909 _a202404
_bLucia
_c55
_dLucia Elande
942 _cAM
_2AGRIS
999 _c309015
_d309015